Elementary differential equations with boundary value problems
Saved in:
| Main Authors: | , , |
|---|---|
| Format: | Book |
| Language: | English |
| Published: |
Upper Saddle River
Pearson Prentice Hall
2008
|
| Edition: | 6a. ed |
| Subjects: | |
| Tags: |
Add Tag
No Tags, Be the first to tag this record!
|
MARC
| LEADER | 00000cam a2200000 a 4500 | ||
|---|---|---|---|
| 001 | UCE0091 | ||
| 003 | CL-VaPUC | ||
| 005 | 20230613100543.0 | ||
| 008 | 140103e20080000us |||||||||||||||||eng|d | ||
| 999 | |c 354397 |d 354395 | ||
| 020 | |a 9780136006138 | ||
| 040 | |c Pontificia Universidad Católica de Valparaíso | ||
| 082 | 0 | 4 | |a 515.35 |b EDW |2 21 |
| 100 | 0 | |a Edwards, C. Henry |e author |9 572522 | |
| 245 | 1 | 0 | |a Elementary differential equations with boundary value problems |
| 250 | |a 6a. ed | ||
| 260 | |a Upper Saddle River |b Pearson Prentice Hall |c 2008 | ||
| 300 | |a 760 p | ||
| 583 | |a last modification |c 20140103 12:15:00 |k Rodrigo Vera | ||
| 650 | 0 | |a Ecuaciones diferenciales |9 260083 |x Problemas con valores en la frontera | |
| 700 | 0 | |a Penney, David E |e author |9 572523 | |
| 700 | 0 | |a Calvis, David |e author |9 572524 | |
| 942 | |c BK |2 ddc | ||
| 945 | |d 20140103 12:15:00 |a dcastane | ||
| 952 | |0 0 |1 0 |3 erd |4 0 |6 515_350000000000000_EDW_2008 |7 0 |8 A |9 460236 |a BIBMAT |b BIBMAT |i 5039878 |o 515.35 EDW 2008 |p 5039878 |r 2025-01-07 |w 2019-11-23 |y BK |z Catalogado en:20140103 |k MAT | ||